000 01110nac a22002771i 4500
003 EG-ScBUE
005 20250529084332.0
008 250312s2003 ii a f 000 0 eng d
020 _a8121900441
020 _a9788121900447
040 _aEG-ScBUE
_beng
_erda
_cEG-ScBUE
_dEG-ScBUE
082 0 4 _a519.5
_bPIL
_222
100 1 _aPillai, R. S. N.,
_eauthor.
245 1 0 _aPractical statistics :
_bfor B.Com., B.A., M.Com., M.A., MBA, ICWA, CA etc.) solutions to the statistics text /
_cR. S. N. Pillai, M.A., M.Com, L.L.B., Head of the Dept. of Commerce, Arignar Anna College, Arambaly Kanyakumari, Bagavathi, M.A., M.Com.
250 _aSecond edition.
264 1 _aRam Nagar, New Delhi :
_bS. Chand & Company Ltd.,
_c2003.
300 _avi, 832 pages :
_billustrations ;
_c23 cm
336 _2rdacontent
_atext
_btxt
337 _aunmediated
_2rdamedia
_bn
338 _avolume
_bnc
_2rdacarrier
521 _aFor B.Com., B.A., M.Com., M.A., MBA, ICWA, CA etc. solutions to the statistics text.
650 7 _aProbability.
_2BUEsh
655 _vReading book
700 0 _aBagavathi,
_eauthor.
942 _cBB
_2ddc
999 _c6327
_d6327